Fußball WM Teilnehmer? #1 - Statistiken

Allgemein
  • Dieses Quiz wurde 434 mal gespielt
    31 seit der letzten Aktualisierung
  • Das Durchschnittsergebnis liegt bei 12 aus 15
Antwortstatistiken
Hint Antwort % Korrekt
Marokko Ja
96%
Mexiko Ja
96%
Japan Ja
96%
Suriname Nein
96%
Schweden Ja
87%
Iran Ja
87%
Neuseeland Ja
87%
Luxemburg Nein
87%
Uganda Nein
87%
Nicaragua Nein
83%
Indien Nein
83%
Paraguay Ja
78%
Venezuela Nein
70%
Island Ja
65%
Togo Ja
52%
Keine übereinstimmenden Quizze gefunden
Verteilung der Resultate
Anzahl Personen mit jedem Resultat
Perzentil nach korrekt beantworteten Fragen
Ihre Resultats-Entwicklung
Sie haben dieses Quiz seit der letzten Aktualisierung nicht gespielt